000 00560nam a2200217Ia 4500
003 OSt
005 20230425145034.0
008 210423s1992 xx 000 0 und d
020 _a8120407202
040 _cAL
041 _aeng
082 _a660.634 PRAB
100 _aPRASAD (B N);others.
_992721
245 _aRole of biotechnology in agriculture.
260 _aNew Delhi
_bOxford University Press
_c1992
300 _axiii,218
_bHB
365 _cINR
650 _aBiotechnology
_992722
906 _aagriculture. ; biotechnology
942 _2ddc
_cBK
999 _c162670
_d162670